Welche Kennzeichen ist hier versteckt? Teil 2 - Statistiken

Allgemein
  • Dieses Quiz wurde 58 mal gespielt
    54 seit der letzten Aktualisierung
  • Das Durchschnittsergebnis liegt bei 11 aus 47
Antwortstatistiken
Bundesland W Z B U N S H E % Korrekt
Berlin Berlin
94%
Sachsen Zwickau
83%
Bayern Nürnberg
77%
NRW Essen
74%
Baden-Württemberg Stuttgart
74%
NRW Wuppertal
74%
Niedersachsen Hannover
70%
NRW Unna
49%
Bremen Bremen
34%
NRW Bonn
32%
Sachsen Bautzen
30%
Saarland Saarbrücken
30%
Niedersachsen Braunschweig
28%
NRW Neuss
28%
NRW Euskirchen
21%
Baden-Württemberg Heilbronn
21%
Mecklenburg-Vorpommern Schwerin
21%
NRW Siegburg
21%
Niedersachsen Uelzen
21%
Rheinland-Pfalz Zweibrücken
21%
Baden-Württemberg Esslingen
19%
Thüringen Weimar
19%
Hessen Hanau
17%
NRW Ennepe
15%
Niedersachsen Salzgitter
15%
Hessen Wetzlar
15%
Bayern Wunsiedel
15%
Niedersachsen Helmstedt
13%
NRW Beckum
11%
NRW Heinsberg
11%
Mecklenburg-Vorpommern Neubrandenburg
11%
Sachsen-Anhalt Zerbst
11%
Mecklenburg-Vorpommern Neustrelitz
9%
Bayern Neu-Ulm
9%
Bayern Schweinfurt
9%
Schleswig-Holstein Segeberg
9%
Sachsen-Anhalt Harz
6%
Sachsen-Anhalt Wittenberg
6%
Rheinland-Pfalz Neustadt an der Weinstraße
4%
Brandenburg Eberswalde
2%
Sachsen Eilenburg
2%
Brandenburg Eisenhüttenstadt
2%
Thüringen Neuhaus
2%
Thüringen Unstrut-Hainich
2%
Baden-Württemberg Waiblingen
2%
Bayern Wasserburg
2%
Baden-Württemberg Bühl
0%
Keine übereinstimmenden Quizze gefunden
Verteilung der Resultate
Anzahl Personen mit jedem Resultat
Perzentil nach korrekt beantworteten Fragen
Ihre Resultats-Entwicklung
Sie haben dieses Quiz seit der letzten Aktualisierung nicht gespielt